| 000 | 00376 a2200169 4500 | ||
|---|---|---|---|
| 001 | 68328 | ||
| 020 | _a8588543400 | ||
| 040 | _cAnchieta - Pituba | ||
| 100 | _aLody, Raul Giovanni da Motta | ||
| 240 | 1 | 0 |
_aAtlas afro-brasileiro _lpor |
| 245 | 1 | 0 | _aAtlas afro-brasileiro |
| 300 | _a84 | ||
| 362 | 0 | _a2006 | |
| 440 | 1 | _aEdições Maianga | |
| 650 | 4 | _aBrasil | |
| 942 | _cBK | ||
| 999 |
_c68328 _d68328 |
||